00676nam a22002297a 450000500170000001000130001702000190003003500130004903700160006204000120007808200170009010000190010724500680012624600060019426000480020027000530024830000200030149000360032150000410035765000230039865000250042120170124105920.0 aA-705461 c00a8121003326 aA-705461 bCen Lib/Ret aDPLbEN a307.772bMAH aMahanti, Neeti aTribal issues :cby Neeti Mahanti ba noncoventional approach / b  bInter India Publications c1994aNew Delhi  bNew Delhi aD-17, raja garden extension e110015 a128p.c21cm(Hb) aTribal studies of india series  aIncludes bibliographical references  aSocial Conditions  aEconomic Conditions